000 00695nam a2200229Ii 4500
003 JO-AjNU
008 230605s9999||||xx |||||||||||||| ||und||
017 _a2007/10/3197
020 _a978-9957-32-374-5
040 _aJO-AjNU
_bara
_erda
_cJO-AjNU
041 _aara
050 1 4 _aHA29.5.A92.2008
100 3 _aالعياصرة،احمد اكرم الشلبي,
_eauthor
_928115
245 0 0 _aمبادىء الاحصاء
250 _aط1
264 3 1 _aعمان:دار الحامد للنشر والتوزيع،2008
300 _a308ص
336 _atext
_btxt
_2rdacontent
337 _aunmediated
_bn
_2rdamedia
338 _avolume
_bnc
_2rdacarrier
650 4 _aالاحصاء
_928116
999 _aA10864
_c14432
_d14432